000 00170 a2200085 4500
041 _aspa
100 _aMecd
245 _aMaterial de Apoyo del area de ciencias
942 _cBK
999 _c15984
_d15984